000 00445nam a2200205Ia 4500
001 7396
003 OSt
005 20251105145207.0
008 211022s9999 xx 000 0 und d
020 _a1877004014
040 _cIVS
082 _a759.994 GRI
100 _aGrishin, Sasha
245 0 _aGarry Shead and the Erotic Muse
260 _aSydney
260 _bCraftsman House
260 _c2001
300 _a203
942 _cBK
_2ddc
_n0
999 _c3433
_d3433